000 00798cab a2200253 4500
001 WB3019-45
008 090401t1994 xxu||||| |||| 00| 0 eng d
035 _a(Sirsi) u53264
041 _aeng
245 _aNew wildlife scheme
260 _c1994
350 _a0
490 _aIndependent
_v16 May 1994, 5
490 _aGuardian
_v16 May 1994, 4(2)
520 _aA new wildlife preservation scheme enables farmers to be paid to leave uncultivated strips of land beside certain lakes and rivers and to establish salt marshes where sea defences can be realigned.
650 _aCAP REFORM
650 _aLANDSCAPE CONSERVATION
650 _aSET-ASIDE
650 _aWATER FRINGE HABITATS
650 _aWILDLIFE HABITATS
690 _aRURAL PRACTICE
942 _n0
948 _c04/03/1997
999 _c32849
_d32849